000 00480nam a2200217Ia 4500
003 OSt
005 20221005124704.0
006 a|||||r|||| 00| 0
007 ta
008 221004b |||||||| |||| 00| 0 eng d
024 _a119768
037 _cTextual
040 _aCRL
_cCRL
_beng
041 _2eng
_aeng
100 _aBharat
_9208634
245 0 _aNatyashastram
260 _c1967
650 _aSANSKRIT
942 _cTEXL
_2cc
999 _c1051307
_d1051307